Vyrovnané, homogénne dielo Dni kultúry ZSSR v Československu

Bibliographic Details
Main Author: (ki) (Author)
Format: Article
Language:Slovak
Subjects:

MARC

LEADER 00000nab a2200000 a 4500
001 vtls000071147
003 SK-MaSNL
005 20260303174008.0
008 111103c1980 xo 0 slo
015 |a SNBRB19rr/mm-uuuuu 
035 |a CL0081248 
040 |a SNKBUCL  |b slo  |c SNKBUCL  |e AACR2 
041 0 |a slo 
044 |a xo  |c SK 
080 |a 786  |2 1981 
080 |a 785  |2 1981 
100 1 |a (ki)  |4 aut  |9 847355 
245 1 0 |a Vyrovnané, homogénne dielo  |b Dni kultúry ZSSR v Československu  |c (ki) 
650 0 7 |a hudba pre klavír  |2 snkbucl  |9 3372 
650 0 7 |a Krajnev, Vladimír  |2 snkbucl  |9 1010431 
650 0 7 |a symfonická hudba  |2 snkbucl  |9 68261 
650 0 7 |a Akademický symfonický orchester Moskovskej štátnej filharmónie  |2 snkbucl  |9 1201033 
651 7 |a 5100  |2 snkbucl  |9 166206 
655 7 |a články z novín a časopisov  |2 snkbucl  |9 267496 
773 0 |t Ľud  |g Roč. 32, č. 286 (3. 12. 1980), s. 5 
850 |a Slovenská národná knižnica v Martine  |a MTA001 
852 |a SNK  |b KIS3GCP 
958 |a RK 
992 |a RBX 
999 |c 2094613  |d 2096543